000
00229nam a2200097Ia 4500
008
230508s2000 xx 000 0 und d
041
_a
eng
100
_a
CHANDRAKASAN
245
_a
LOW POWER CMOS DESIGN
260
_b
STAND PUB
_c
2000
999
_c
325837
_d
325837